000 00364nam a2200121Ia 4500
008 250110s9999 xx 000 0 und d
041 _aeng
100 _aGaikwad Snehal R
_9182885
245 _aInstitute For Hospitality And Hotel Management At Shrirampur
260 _bBNCA B-Arch ID, Pune
_c2016
300 _a117p
700 _aGuide Name:Chandwania Dhruv
_9210562
999 _c363754
_d363754